000 00462pab a2200169 454500
008 180718b2002 xxu||||| |||| 00| 0 eng d
100 _aJones, Richard B. et al.
245 _aThe need to look beyond the production and provision of relief seed: experiences from Southern Sudan
260 _c2002
300 _ap.302-15.
362 _aDec
650 _aSeeds - Sudan
650 _aCrops - Sudan
650 _aCrops
773 _aDisasters
909 _a55446
999 _c55446
_d55446